LIBRARY & INFORMATION CENTRE, KCAET, TAVANUR

ONLINE PUBLIC ACCESS CATALOGUE (OPAC)

Textbook of Bakery and Confectionery (Record no. 14361)

MARC details
000 -LEADER
fixed length control field 00330nam a22001337a 4500
020 ## - INTERNATIONAL STANDARD BOOK NUMBER
ISBN 9788120346031
082 ## - DEWEY DECIMAL CLASSIFICATION NUMBER
Classification number 641.815
Item number ASH/TE
100 ## - MAIN ENTRY--AUTHOR NAME
Personal name Ashokkumar,Yogambal
245 ## - TITLE STATEMENT
Title Textbook of Bakery and Confectionery
250 ## - EDITION STATEMENT
Edition statement 2
260 ## - PUBLICATION, DISTRIBUTION, ETC. (IMPRINT)
Place of publication New Delhi
Name of publisher PHI Learning Private Limited
Year of publication 2012
300 ## - PHYSICAL DESCRIPTION
Number of Pages 229
942 ## - ADDED ENTRY ELEMENTS (KOHA)
Koha item type Books
Holdings
Withdrawn status Lost status Damaged status Collection code Home library Current library Shelving location Date acquired Source of acquisition Cost, normal purchase price Full call number Accession Number Koha item type
        KAUAET KAUAET General Stacks 24/06/2016 Aman Book Stall Calicut 250.00 641.815 ASH/TE 24661 Books
free website counter